000
00295nam a22001337a 4500
999
_c
528258
_d
528258
003
NUST
038
_a
MSOHAIL
082
_a
330.155
_b
TWB
100
_a
Kirk Hamilton
_9
19967
245
_a
Responsible Growth to 2050
260
_a
USA
_b
Worldbank
_c
2004
300
_a
51;P
_c
23cm
942
_2
ddc
_c
BK